| 000 | 00939nam a22002537a 4500 | ||
|---|---|---|---|
| 005 | 20090922104223.0 | ||
| 008 | 090922t xxu||||| |||| 00| 0 eng d | ||
| 010 | _aB-358140 | ||
| 020 |
_a8178820730 _c150.00 |
||
| 035 | _aB-358140 | ||
| 037 | _bDBAD / PUB | ||
| 040 |
_adpl _bEnglish |
||
| 082 | _a921 | ||
| 100 | _aVarshney, Gillesh | ||
| 245 |
_aBharat Ratan Rajeev Gandhi / _cby Gillesh Varshney; illustrated by Shankar Nayak |
||
| 260 |
_aDelhi _bSurinder Kumar & Sons _c2007 |
||
| 270 |
_a30/21A-22A, Gali No. 9, Vishwas Nagar, Shahdra _bDelhi _e110032 |
||
| 300 |
_a157p.: _bill. _c22cm(Hb) |
||
| 650 |
_aGandhi, Rajiv _d1944-1991 |
||
| 650 |
_aPrime minister _xBiography _zIndia |
||
| 700 | _aNayak, Shankar | ||
| 942 |
_2ddc _cCH _h921 _mGAN |
||
| 999 |
_c30525 _d30525 |
||